00410nam a2200145Ia 4500020001800000082001800018100001700036245005600053260003500109300001400144504001900158650002100177650003100198650003500229 a0-67-005822-X a320.954 JAL-F aJalan, Bimal 0aFuture of India: politics, economics and governance aNew DelhibPenguin Groupc2005 axiii, 212 aincludes index aDemocracyzIndia aIndiavEconomic conditions aIndiavPolitics and government